Grand Tactician:Khrushchev's rise to power (Record no. 415180)

000 -LEADER
fixed length control field 00376cam a22001217a 4500
008 - FIXED-LENGTH DATA ELEMENTS--GENERAL INFORMATION
fixed length control field 180718b1961 xxu||||| |||| 00| 0 eng d
082 ## - DEWEY DECIMAL CLASSIFICATION NUMBER
Classification number A99 K528/P679
100 ## - MAIN ENTRY--PERSONAL NAME
Personal name Pistrak, Lazar
245 ## - TITLE STATEMENT
Title Grand Tactician:Khrushchev's rise to power
Statement of responsibility, etc. by Lazar Pistrak
260 ## - PUBLICATION, DISTRIBUTION, ETC.
Place of publication, distribution, etc. London
Name of publisher, distributor, etc. Thames and Hudson
Date of publication, distribution, etc. 1961
300 ## - PHYSICAL DESCRIPTION
Extent x,296p
650 ## - SUBJECT ADDED ENTRY--TOPICAL TERM
Topical term or geographic name entry element Khrushchev, Nikita Sergeevich, 1894-1971.
Holdings
Withdrawn status Lost status Damaged status Not for loan Permanent Location Current Location Date acquired Full call number Barcode Date last seen Price effective from Koha item type
        Indian Institute of Public Administration Indian Institute of Public Administration 2009-03-03 A99 K528/P679 28714 2018-07-21 2018-07-21 Book

Powered by Koha